Normal view MARC view

Entry Personal Name

Number of records used in: 1

001 - CONTROL NUMBER

  • control field: 245224

003 - CONTROL NUMBER IDENTIFIER

  • control field: OSt

005 - DATE AND TIME OF LATEST TRANSACTION

  • control field: 20251112141806.0

008 - FIXED-LENGTH DATA ELEMENTS

  • fixed length control field: 251112|| aca||aabn | a|a d

040 ## - CATALOGING SOURCE

  • Original cataloging agency: OSt
  • Transcribing agency: OSt

100 ## - HEADING--PERSONAL NAME

  • Personal name: RAMANUNNI (K P)
  • Dates associated with a name: ರಾಮನುನ್ನಿ (ಕೆ ಪಿ)

670 ## - SOURCE DATA FOUND

  • Source citation: Work cat.: (OSt)121963: RAMANUNNI (K P) ರಾಮನುನ್ನಿ (ಕೆ ಪಿ), Sufi helida kathe, 2008